| 000 | 00574nam a2200241 a 4500 | ||
|---|---|---|---|
| 001 | nice12345678 | ||
| 003 | IN_TiNIC | ||
| 005 | 20260116011412.0 | ||
| 008 | 050524s1925 caia grp 000 0 eng | ||
| 020 |
_a _c0 |
||
| 082 | 0 | 0 |
_a297.4 _bSWA |
| 100 | _aSwan, George | ||
| 245 | _aOutline for the Study of Dervishism | ||
| 260 |
_aCairo _bNile Mission Press _c1925 |
||
| 300 | _a38p | ||
| 500 | _aincludes index and biblioraphy | ||
| 505 | 2 | _aAppendix, Indices | |
| 650 | _aSufism | ||
| 700 | 1 | _aSwan, George | |
| 902 | _bSRS | ||
| 942 | _cBK | ||
| 999 |
_c1209 _d1209 |
||